• 首页
  • 本馆介绍
  • 公告通知
  • 最新文献
  • 馆藏检索
  • 电子资源
  • 读者导购
  • 参考咨询
  • 我的图书馆
  • 登录
  • 详细信息显示
  • 放入我的书架
  • 预约/预借图书
  • 作者相关作品
  • 分类相关作品
  • 丛书相关作品
  • 出版社相关作品

书目信息

  • 表格格式
  • 工作单格式
  • 卡片格式
题名:
面试及心理素质测评
    
 
作者: ;公安机关录用人民警察考试教材编委会 编
分册:  
出版信息: 北京   中国人事出版社  2006
页数: 220页
开本: 24cm
丛书名:
单 册:
中图分类: D631.13
科图分类:
主题词: 警察--口试--中国--教材 , 警察--素质(心理学)--心理测验--教材
电子资源:
ISBN: 7-80189-436-7
000 00943nam0 2200241 450
001 1239379015
005 20121004105649.01
010    @a7-80189-436-7@dCNY30.00
100    @a20060513d2006 em y0chiy0110 ea
101 0  @achi
102    @aCN@b110000
105    @ak z 000yy
200 1  @a面试及心理素质测评@Amian shi ji xin li su zhi ce ping@f公安机关录用人民警察考试教材编委会编
210    @a北京@c中国人事出版社@d2006
215    @a220页@d24cm
300    @a公安机关录用人民警察考试专用教材 2006新版
330    @a本书分三部分共10章,内容包括:面试概述、国家公务员面试测评要素和应考分析、国家公务员面试方法、人民警察录用面试的组织和实施等。
606 0  @a警察@x口试@y中国@j教材
606 0  @a警察@x素质(心理学)@x心理测验@j教材
690    @aD631.13@v4
711 02 @a公安机关录用人民警察考试教材编委会@Agong an ji guan lu yong ren min jing cha kao shi jiao cai bian wei hui@4编
801  0 @aCN@bNLC@c20101222
905    @a10447@dD631.13@eJY6
    
    面试及心理素质测评/公安机关录用人民警察考试教材编委会编.-北京:中国人事出版社,2006
    220页;24cm
    公安机关录用人民警察考试专用教材 2006新版
    
    ISBN 7-80189-436-7:CNY30.00
    本书分三部分共10章,内容包括:面试概述、国家公务员面试测评要素和应考分析、国家公务员面试方法、人民警察录用面试的组织和实施等。
●
相关链接 在E读中查询图书 在五车中查询图书 在当当中查询图书 在豆瓣中查询图书


正题名:面试及心理素质测评     索取号:D631.13/JY6         预约/预借

序号 登录号 条形码 馆藏地/架位号 状态 备注
1 7812038   278120383   学院路分馆/ [索取号:D631.13/JY6] 在馆    
2 7812039   278120392   学院路分馆/ [索取号:D631.13/JY6] 在馆    
唐山师范学院图书馆 欢迎您!
大连网信软件有限公司© 版权所有